Tilastot visalle V:llä alkavat valtiot

Klikkaa tästä pelataksesi tätä visaa!

Yleistilastot

  • Tätä visaa on pelattu 1 694 kertaa
    (1 386 viimeisimmän päivityksen jälkeen)
  • Keskiarvotulos 5 / 7

Vastaustilastot

Valtio% Oikein
Vatikaani
84%
Venäjä
84%
Viro
82%
Venezuela
72%
Vietnam
70%
Valko-Venäjä
67%
Vanuatu
67%

Tulosjakauma

Persentiili vastausten määrän mukaan

Jokaisen tuloksen saaneiden osuus

Tuloshistoriasi

Et ole pelannut tätä visaa sen viimeisimmän päivityksen jälkeen